Statistics for Paldea Pokédex - Pokémon S&V

Click here to take the quiz!

General Stats

  • This quiz has been taken 14 times
  • The average score is 380 of 400

Answer Stats

PokémonType/s% Correct
#353AbomasnowGrass/Ice
100%
#220AltariaDragon/Flying
100%
#206AmoongussGrass/Poison
100%
#160AnnihilapeFighting/Ghost
100%
#110AppletunGrass/Dragon
100%
#108ApplinGrass/Dragon
100%
#086ArbolivaGrass/Normal
100%
#389
ArctibaxDragon/Ice
100%
#166ArmarougeFire/Psychic
100%
#136ArrokudaWater
100%
#364AvaluggIce
100%
#155AxewDragon
100%
#048AzumarillWater/Fairy
100%
#046AzurillNormal/Fairy
100%
#276BagonDragon
100%
#168BarboachWater/Ground
100%
#137BarraskewdaWater
100%
#390BaxcaliburDragon/Ice
100%
#171BelliboltElectric
100%
#363BergmiteIce
100%
#368BisharpDark/Steel
100%
#290BombirdierFlying/Dark
100%
#081BounsweetGrass
100%
#243BrambleghastGrass/Ghost
100%
#242BramblinGrass/Ghost
100%
#154BronzongSteel/Psychic
100%
#153BronzorSteel/Psychic
100%
#378Brute BonnetGrass/Dark
100%
#335BruxishWater/Psychic
100%
#152CameruptFire/Ground
100%
#250CapsakidGrass
100%
#092CarkolRock/Fire
100%
#167CeruledgeFire/Ghost
100%
#362CetitanIce
100%
#361CetoddleIce
100%
#165CharcadetFire
100%
#057ChewtleWater
100%
#394Chien-PaoDark/Ice
100%
#396Chi-YuDark/Fire
100%
#339ClauncherWater
100%
#340ClawitzerWater
100%
#330qCloysterWater/Ice
100%
#093CoalossalRock/Fire
100%
#125CopperajahSteel
100%
#042CorviknightFlying/Steel
100%
#041CorvisquireFlying
100%
#119CrabominableFighting/Ice
100%
#118CrabrawlerFighting
100%
#005CrocalorFire
100%
#360CryogonalIce
100%
#124CufantSteel
100%
#295CyclizarDragon/Normal
100%
#077DachsbunFairy
100%
#200DedenneElectric/Fairy
100%
#370DeinoDark/Dragon
100%
#354DelibirdIce/Flying
100%
#148DiglettGround
100%
#085DollivGrass/Normal
100%
#374DondozoWater
100%
#123DonphanGround
100%
#338DragalgePoison/Dragon
100%
#307DragapultDragon/Ghost
100%
#348DragonairDragon
100%
#349DragoniteDragon/Flying
100%
#306DrakloakDragon/Ghost
100%
#347DratiniDragon
100%
#058DrednawWater/Rock
100%
#305DreepyDragon/Ghost
100%
#144DrifblimGhost/Flying
100%
#143DrifloonGhost/Flying
100%
#149DugtrioGround
100%
#342EelektrikElectric
100%
#343EelektrossElectric
100%
#179EeveeNormal
100%
#320EiscueIce
100%
#208ElectrodeElectric
100%
#264EspathraPsychic
100%
#183EspeonPsychic
100%
#193FarigirafNormal/Psychic
100%
#076FidoughFairy
100%
#346FlamigoFlying/Fighting
100%
#109FlappleGrass/Dragon
100%
#182FlareonFire
100%
#020FletchinderFire/Flying
100%
#019FletchlingNormal/Flying
100%
#263FlittlePsychic
100%
#002FloragatoGrass
100%
#379Flutter ManeGhost/Fairy
100%
#205FoongusGrass/Poison
100%
#259ForretressBug/Steel
100%
#156FraxureDragon
100%
#388FrigibaxDragon/Ice
100%
#359FroslassIce/Ghost
100%
#351FrosmothIce/Bug
100%
#004FuecocoFire
100%
#127GabiteDragon/Ground
100%
#065GalladePsychic/Fighting
100%
#128GarchompDragon/Ground
100%
#064GardevoirPsychic/Fairy
100%
#131GarganaclRock
100%
#068GastlyGhost/Poison
100%
#328GastrodonWater/Ground
100%
#070GengarGhost/Poison
100%
#392GholdengoSteel/Ghost
100%
#126GibleDragon/Ground
100%
#391GimmighoulGhost
100%
#192GirafarigNormal/Psychic
100%
#186GlaceonIce
100%
#358GlalieIce
100%
#308GlimmetRock/Poison
100%
#309GlimmoraRock/Poison
100%
#174GoodraDragon
100%
#172GoomyDragon
100%
#234GothitaPsychic
100%
#236GothitellePsychic
100%
#235GothoritaPsychic
100%
#203GrafaiaiPoison/Normal
100%
#376Great TuskGround/Fighting
100%
#311GreavardGhost
100%
#194GrimerPoison
100%
#287GrimmsnarlDark/Fairy
100%
#117HariyamaFighting
100%
#282HatennaPsychic
100%
#283HattremPsychic
100%
#069HaunterGhost/Poison
100%
#301HawluchaFighting/Flying
100%
#157HaxorusDragon
100%
#262HeracrossBug/Fighting
100%
#016HoppipGrass/Flying
100%
#026HoundoomDark/Fire
100%
#025HoundourDark/Fire
100%
#312HoundstoneGhost
100%
#372HydreigonDark/Dragon
100%
#059IgglybuffNormal/Fairy
100%
#285ImpidimpDark/Fairy
100%
#383Iron BundleIce/Water
100%
#384Iron HandsFighting/Electric
100%
#385Iron JugulisDark/Flying
100%
#386Iron MothFire/Poison
100%
#387Iron ThornsRock/Electric
100%
#382Iron TreadsGround/Steel
100%
#398Iron ValiantFairy/Fighting
100%
#060JigglypuffNormal/Fairy
100%
#181JolteonElectric
100%
#018JumpluffGrass/Flying
100%
#178KilowattrelElectric/Flying
100%
#369KingambitDark/Steel
100%
#063KirliaPsychic/Fairy
100%
#249KlawfRock
100%
#240KlefkiSteel/Fairy
100%
#399KoraidonFighting/Dragon
100%
#268KrokorokGround/Dark
100%
#269KrookodileGround/Dark
100%
#274LarvestaBug/Fire
100%
#316LarvitarRock/Ground
100%
#185LeafeonGrass
100%
#010LechonkNormal
100%
#224LitleoFire/Normal
100%
#015LokixBug/Dark
100%
#164LucarioFighting/Steel
100%
#197MabosstiffDark
100%
#209MagnemiteElectric/Steel
100%
#210MagnetonElectric/Steel
100%
#211MagnezoneElectric/Steel
100%
#116MakuhitaFighting
100%
#158MankeyFighting
100%
#344MareaniePoison/Water
100%
#047MarillWater/Fairy
100%
#196MaschiffDark
100%
#050MasquerainBug/Flying
100%
#162MedichamFighting/Psychic
100%
#161MedititeFighting/Psychic
100%
#003MeowscaradaGrass/Dark
100%
#239MimikyuGhost/Fairy
100%
#400MiraidonElectric/Dragon
100%
#114MisdreavusGhost
100%
#115MismagiusGhost
100%
#286MorgremDark/Fairy
100%
#195MukPoison
100%
#129NacliRock
100%
#130NaclstackRock
100%
#303NoibatFlying/Dragon
100%
#304NoivernFlying/Dragon
100%
#151NumelFire/Ground
100%
#014NymbleBug
100%
#011OinkologneNormal
100%
#313OranguruNormal/Psychic
100%
#296OrthwormSteel
100%
#323PalossandGhost/Ground
100%
#314PassimianFighting
100%
#022PawmiElectric
100%
#023PawmoElectric/Fighting
100%
#024PawmotElectric/Fighting
100%
#367PawniardDark/Steel
100%
#133PelipperWater/Flying
100%
#122PhanpyGround
100%
#073PichuElectric
100%
#074PikachuElectric
100%
#321PincurchinElectric
100%
#258PinecoBug
100%
#159PrimeapeFighting
100%
#317PupitarRock/Ground
100%
#225PyroarFire/Normal
100%
#009QuaquavalWater/Fighting
100%
#007QuaxlyWater
100%
#008QuaxwellWater
100%
#255RabscaBug/Psychic
100%
#075RaichuElectric
100%
#062RaltsPsychic/Fairy
100%
#254RellorBug
100%
#294RevavroomSteel/Poison
100%
#163RioluFighting
100%
#397Roaring MoonDragon/Dark
100%
#091RolycolyRock
100%
#040RookideeFlying
100%
#310RotomElectric/Ghost
100%
#297SableyeDark/Ghost
100%
#278SalamenceDragon/Flying
100%
#120SalanditPoison/Fire
100%
#121SalazzlePoison/Fire
100%
#271SandacondaGround
100%
#267SandileGround/Dark
100%
#322SandygastGhost/Ground
100%
#381Sandy ShocksElectric/Ground
100%
#035ScatterbugBug
100%
#261ScizorBug/Steel
100%
#251ScovillainGrass/Fire
100%
#377Scream TailFairy/Psychic
100%
#260ScytherBug/Flying
100%
#218SeviperPoison
100%
#277ShelgonDragon
100%
#329ShellderWater
100%
#327ShellosWater
100%
#202ShroodlePoison/Normal
100%
#270SilicobraGround
100%
#006SkeledirgeFire/Ghost
100%
#017SkiploomGrass/Flying
100%
#337SkrelpPoison/Water
100%
#173SliggooDragon
100%
#380Slither WingBug/Fighting
100%
#325SlowbroWater/Psychic
100%
#326SlowkingWater/Psychic
100%
#324SlowpokeWater/Psychic
100%
#084SmolivGrass/Normal
100%
#230SneaselDark/Ice
100%
#350SnomIce/Bug
100%
#357SnoruntIce
100%
#352SnoverGrass/Ice
100%
#036SpewpaBug
100%
#013SpidopsBug
100%
#302SpiritombGhost/Dark
100%
#001SprigatitoGrass
100%
#113SquawkabillyNormal/Flying
100%
#099StaraptorNormal/Flying
100%
#098StaraviaNormal/Flying
100%
#097StarlyNormal/Flying
100%
#082SteeneeGrass
100%
#319StonjournerRock
100%
#049SurskitBug/Water
100%
#219SwabluNormal/Flying
100%
#187SylveonFairy
100%
#170TadbulbElectric
100%
#021TalonflameFire/Flying
100%
#012TarountulaBug
100%
#375TatsugiriDragon/Water
100%
#223TaurosFighting
100%
#395Ting-LuDark/Ground
100%
#279TinkatinkFairy/Steel
100%
#281TinkatonFairy/Steel
100%
#280TinkatuffFairy/Steel
100%
#244ToedscoolGround/Grass
100%
#245ToedscruelGround/Grass
100%
#150TorkoalFire
100%
#345ToxapexPoison/Water
100%
#198ToxelElectric/Poison
100%
#199ToxtricityElectric/Poison
100%
#246TropiusGrass/Flying
100%
#083TsareenaGrass
100%
#341
TynamoElectric
100%
#318TyranitarRock/Dark
100%
#184UmbreonDark
100%
#180VaporeonWater
100%
#293VaroomSteel/Poison
100%
#373VeluzaWater/Psychic
100%
#037VivillonBug/Flying
100%
#275VolcaronaBug/Fire
100%
#207VoltorbElectric
100%
#177WattrelElectric/Flying
100%
#231WeavileDark/Ice
100%
#169WhiscashWater/Ground
100%
#061WigglytuffNormal/Fairy
100%
#288WiglettWater
100%
#132WingullWater/Flying
100%
#393Wo-ChienDark/Grass
100%
#289WugtrioWater
100%
#217ZangooseNormal
100%
#371ZweilousDark/Dragon
100%
#336AlomomolaWater
86%
#214ArcanineFire
86%
#299BanetteGhost
86%
#138BasculinWater
86%
#356BearticIce
86%
#087BonslyRock
86%
#366BraviaryNormal/Flying
86%
#107BreloomGrass/Fighting
86%
#252CacneaGrass
86%
#253CacturneGrass/Dark
86%
#054ClodsirePoison/Ground
86%
#038CombeeBug/Flying
86%
#355
CubchooIce
86%
#190DeerliingNormal/Grass
86%
#212DittoNormal
86%
#066DrowzeePsychic
86%
#291FinizenWater
86%
#333FinneonWater
86%
#145FlabébéFairy
86%
#146FloetteFairy
86%
#147FlorgesFairy
86%
#247FomantisGrass
86%
#056GolduckWater
86%
#030GreedentNormal
86%
#213GrowlitheFire
86%
#112GrumpigPsychic
86%
#139GulpinPoison
86%
#028GumshoosNormal
86%
#135GyaradosWater/Flying
86%
#233HonchkrowDark/Flying
86%
#067HypnoPsychic
86%
#241IndeedeePsychic/Normal
86%
#315KomalaNormal
86%
#033KricketotBug
86%
#034KricketuneBug
86%
#105LilligantGrass
86%
#334LumineonWater
86%
#248LurantisGrass
86%
#332LuvdiscWater
86%
#095LuxioElectric
86%
#096LuxrayElectric
86%
#134MagikarpWater
86%
#072MausholdNormal
86%
#141MeowthNormal
86%
#272MudbrayGround
86%
#273MudsdaleGround
86%
#232MurkrowDark/Flying
86%
#100OricorioFire/Flying
86%
#292PalafinWater
86%
#142PersianNormal
86%
#104PetililGrass
86%
#238PolteageistGhost
86%
#055PsyduckWater
86%
#331QwilfishWater/Poison
86%
#365RuffletNormal/Flying
86%
#191SawsbuckNormal/Grass
86%
#094ShinxElectric
86%
#106ShroomishGrass
86%
#298ShuppetGhost
86%
#237SinisteaGhost
86%
#227SkuntankPoison/Dark
86%
#029SkwovetNormal
86%
#111SpoinkPsychic
86%
#204StantlerNormal
86%
#226StunkyPoison/Dark
86%
#088SudowoodoRock
86%
#032SunfloraGrass
86%
#031SunkernGrass
86%
#140SwalotPoison
86%
#071TandemausNormal
86%
#257VenomothBug/Poison
86%
#256VenonatBug/Poison
86%
#039VespiquenBug/Flying
86%
#053WooperPoison/Ground
86%
#027YungoosNormal
86%
#229ZoroarkDark
86%
#228ZoruaDark
86%
#175CroagunkPoison/Fighting
71%
#189DudunsparceNormal
71%
#188DunsparceNormal
71%
#300FalinksFighting
71%
#222GogoatGrass
71%
#284HatterenePsychic/Fairy
71%
#265HippopotasGround
71%
#266HippowdonGround
71%
#090LycanrocRock
71%
#201PachirisuElectric
71%
#089RockruffRock
71%
#221SkiddoGrass
71%
#080SlakingNormal
71%
#078SlakothNormal
71%
#215TeddiursaNormal
71%
#176ToxicroakPoison/Fighting
71%
#216UrsaringNormal
71%
#079VigorothNormal
71%
#103AmpharosElectric
57%
#045BlisseyNormal
57%
#051BuizelWater
57%
#044ChanseyNormal
57%
#102FlaaffyElectric
57%
#052FloatzelWater
57%
#043
HappinyNormal
57%
#101MareepElectric
57%

Score Distribution

Percentile by Number Answered

Percent of People with Each Score

Your Score History

You have not taken this quiz